Philosophy of mathematics (Record no. 275639)

MARC details
000 -LEADER
fixed length control field 00731nam a2200253Ia 4500
003 - CONTROL NUMBER IDENTIFIER
control field OSt
005 - DATE AND TIME OF LATEST TRANSACTION
control field 20220918222457.0
008 - FIXED-LENGTH DATA ELEMENTS--GENERAL INFORMATION
fixed length control field 220917b |||||||| |||| 00| 0 eng d
037 ## - SOURCE OF ACQUISITION
Terms of availability Textual
040 ## - CATALOGING SOURCE
Original cataloging agency ARTS
Transcribing agency ARTS
Language of cataloging eng
041 ## - LANGUAGE CODE
Source of code eng
Language code of text/sound track or separate title eng
100 ## - MAIN ENTRY--PERSONAL NAME
Personal name Benacerraf Paul Ed.
9 (RLIN) 143255
245 #0 - TITLE STATEMENT
Title Philosophy of mathematics
Remainder of title selected readings
250 ## - EDITION STATEMENT
Edition statement 2nd
260 ## - PUBLICATION, DISTRIBUTION, ETC.
Place of publication, distribution, etc. Cambridge
Name of publisher, distributor, etc. Cambridge Univ. Press
Date of publication, distribution, etc. 1983
300 ## - PHYSICAL DESCRIPTION
Extent viii, 600p
Dimensions cm.
700 ## - ADDED ENTRY--PERSONAL NAME
Personal name Putnam Hilary Ed.
9 (RLIN) 143256
942 ## - ADDED ENTRY ELEMENTS (KOHA)
Classification part R39(B)xN26:g, M3
Koha item type Textual
Source of classification or shelving scheme Colon Classification (CC)
Holdings
Withdrawn status Lost status Damaged status Not for loan Home library Current library Date acquired Total Checkouts Full call number Barcode Date last seen Date last checked out Price effective from Koha item type
        Arts Library Arts Library 2022-09-18 1 R39(B)xN26:g M3 AL1271683 2025-03-25 2025-02-27 2022-09-18 Textual
Copyright @ Delhi University Library System